Statistiques concernant Les plus grandes calvities

Cliquez ici pour prendre le quiz!

Statistiques générales

  • Ce quiz a été pris 25 fois
  • Le résultat moyen est 3 sur 30

Statistiques - réponses

HintTeamRéponse% Correct
CyclisteMovistarEnric Mas
64%
FootballeurTroyes (Légende)Benjamin Nivet
45%
CyclisteIsraelMichael Woods
23%
FootballeurNantesNicolas Pallois
23%
CyclisteJumbo VismaRobert Gesink
18%
FootballeurBastiaChristophe Vincent
14%
FootballeurTroyesJessy Moulin
14%
FootballeurGrenobleLoic Nestor
14%
FootballeurAngersPaul Bernardoni
14%
CyclisteTrekEdward Theuns
9%
FootballeurValenciennesFlorian Martin
9%
FootballeurClermontJohan Gastien
9%
CyclisteDSMJohn Degenkolb
9%
CyclisteAstanaLuis Leon Sanchez
9%
CyclisteUAEMateo Trentin
9%
FootballeurSt-EtienneMathieu Dreyer
9%
FootballeurOLRémy Riou
9%
CyclisteCofidisSimon Geschke
9%
FootballeurRodezAymen Abdennour
5%
CyclisteArkea SamsicDaniel Mclay
5%
CyclisteJAYCOLuca Mezgec
5%
FootballeurTFCMaxime Dupé
5%
FootballeurTFCMikkel Desler
5%
FootballeurMontpellierValère Germain
5%
FootballeurLavalAlexis Sauvage
0%
FootballeurAnnecyArnold Temanfo
0%
FootballeurGuimgampGaëtan Courtet
0%
CyclisteSoudalMichael Morkov
0%
CyclisteBahrainNikias Arndt
0%
CyclisteWentyRein Taaramae
0%

Distribution des résultats

Percentile par nombre de réponses

% des personnes avec chaque résultat

Votre développement - résultats

Vous n’avez pas pris ce quiz